[Event "elllobregat Open-A 2019"]
[Site "El Prat de Llobregat"]
[Date "2019.12.06"]
[Round "4.12"]
[White "Harsha Bharathakoti"]
[Black "Rathanvel, V S"]
[Result "1-0"]
[WhiteElo "2523"]
[BlackElo "2410"]
[Annotator "ChessBase"]
[PlyCount "75"]
[EventDate "2019.12.03"]
[EventType "swiss"]
[EventCountry "ESP"]
[SourceTitle "playchess.com"]
[Source "ChessBase"]
[SourceQuality "1"]
[TimeControl "40/5400+30:1800+30"]

1. d4 {[%emt 0:07:28]} Nf6 {[%emt 0:00:00]} 2. c4 {[%emt 0:00:15]} g6 {[%emt 0:00:00]} 3. Nc3 {[%emt 0:00:56]} d5 {[%emt 0:00:04]} 4. Nf3 {[%emt 0:00:11]} Bg7 {[%emt 0:00:07]} 5. h4 {[%emt 0:00:06]} dxc4 {[%emt 0:01:18]} 6. e4 {[%emt 0:01:35]} c5 {[%emt 0:00:07]} 7. d5 {[%emt 0:01:13]} b5 {[%emt 0:00:12]} 8. h5 {[%emt 0:01:42]} Nxh5 {[%emt 0:00:39]} 9. Nxb5 {[%emt 0:00:37]} O-O {[%emt 0:01:49]} 10. Bxc4 {[%emt 0:00:07]} Bg4 {[%emt 0:00:06]} 11. Qc2 {[%emt 0:05:23]} Bxf3 {[%emt 0:00:12]} 12. gxf3 {[%emt 0:00:04]} Nd7 {[%emt 0:00:11]} 13. f4 {[%emt 0:39:10]} Qb8 14. Rh4 a6 {[%emt 0:47:55]} 15. Nc3 {[%emt 0:02:31]} Qb4 {[%emt 0:25:37]} 16. Be2 {[%emt 0:02:15]} Nhf6 {[%emt 0:02:22]} 17. Bd2 {[%emt 0:18:19]} Rab8 {[%emt 0:00:48]} 18. e5 {[%emt 0:01:34]} Qxb2 {[%emt 0:13:15]} 19. Qxb2 {[%emt 0:00:32]} Rxb2 {[%emt 0:00:01]} 20. exf6 {[%emt 0:00:09]} Bxf6 {[%emt 0:00:38]} 21. Rh3 {[%emt 0:01:05]} Nb6 {[%emt 0:01:00]} 22. Ne4 {[%emt 0:04:07]} Nxd5 {[%emt 0:00:43]} 23. Nxf6+ {[%emt 0:00:24]} exf6 {[%emt 0:00:47]} 24. Rb3 {[%emt 0:02:27]} Rxb3 {[%emt 0:00:35]} 25. axb3 {[%emt 0:00:04]} Nc7 {[%emt 0:02:14]} 26. Be3 Re8 {[%emt 0:01:06]} 27. Bc4 {[%emt 0:03:16]} h5 {[%emt 0:01:02]} 28. Kf1 {[%emt 0:00:18]} Re4 {[%emt 0:00:17]} 29. Ra5 {[%emt 0:05:24]} Ne6 {[%emt 0:00:20]} 30. Rxa6 {[%emt 0:00:12]} Nxf4 {[%emt 0:00:13]} 31. Rxf6 {[%emt 0:00:14]} Ne6 {[%emt 0:00:14]} 32. Bxe6 {[%emt 0:00:36]} fxe6 {[%emt 0:00:06]} 33. Rxg6+ {[%emt 0:01:05]} Kf7 {[%emt 0:00:01]} 34. Rg5 {[%emt 0:00:15]} Rb4 {[%emt 0:00:24]} 35. Rxc5 {[%emt 0:00:09]} Rxb3 {[%emt 0:00:04]} 36. Rxh5 {[%emt 0:00:05]} Kg6 {[%emt 0:00:07]} 37. Ra5 {[%emt 0:00:15]} Rb2 {[%emt 0:00:15]} 38. Kg2 {[%emt 0:00:04]} 1-0

[Event "elllobregat Open-A 2019"]
[Site "El Prat de Llobregat"]
[Date "2019.12.06"]
[Round "4.13"]
[White "Baenziger, Fabian"]
[Black "Narciso Dublan, Marc"]
[Result "1/2-1/2"]
[WhiteElo "2398"]
[BlackElo "2516"]
[Annotator "TA"]
[PlyCount "128"]
[EventDate "2019.12.03"]
[EventType "swiss"]
[EventCountry "ESP"]
[SourceTitle "playchess.com"]
[Source "ChessBase"]
[SourceQuality "1"]

{[%evp 20,128,27,24,20,26,41,7,40,5,12,4,29,0,20,0,8,0,0,0,0,0,0,0,0,-10,-8,-10,-10,-10,-10,-22,-19,-19,0,0,0,0,0,0,0,0,0,0,0,0,0,-18,0,-4,-10,-2,-6,-6,-8,-29,-28,-72,-69,-50,-45,-76,-30,-48,-35,-43,-44,-87,0,0,0,0,0,0,0,0,0,0,0,0,0,0,0,0,0,0,0,0,0,0,0,0,0,0,0,0,0,0,0,0,0,0,0,0,0,0,0,0,0,0,592]} 1. d4 d5 2. c4 c6 3. Nc3 Nf6 4. e3 g6 5. Nf3 Bg7 6. Bd3 O-O 7. O-O Bg4 8. h3 Bxf3 9. Qxf3 e6 10. Rd1 Nbd7 11. Qe2 Rc8 {D94: Grünfeld: 4 Nf3 Bg7 5 e3} 12. Rb1 Qe7 13. b3 Rfd8 14. Bb2 a6 15. Rbc1 Ne8 16. Nb1 $146 ({Predecessor:} 16. Rd2 f5 17. Rdc2 Rb8 18. Nb1 Nd6 19. Ba3 {½-½ (74) Kobo,O (2380)-Howell,D (2657) Douglas 2014}) 16... dxc4 17. Bxc4 Nd6 18. Bd3 e5 19. dxe5 Nxe5 20. Nc3 Nxd3 21. Rxd3 Ne4 22. Rxd8+ Rxd8 23. Nxe4 Bxb2 24. Qxb2 Qxe4 $11 {[%mdl 4096] Endgame KQR-KQR} 25. Rc4 Rd1+ 26. Kh2 Qd5 (26... Qe7 {is more complex.} 27. Rd4 Qe5+ 28. g3 Kg7 29. Rd2 Qxb2 30. Rxb2 Kf6) 27. Qf6 Qd6+ 28. Qxd6 Rxd6 {KR-KR} 29. Rc2 f6 30. Kg3 Kf7 31. Kf4 Ke6 32. h4 Rd1 33. Ke4 h5 34. g3 Kd6 35. f3 c5 36. Kf4 b5 37. g4 Rh1 38. Rd2+ Kc6 39. Rd8 c4 40. Rf8 Kc5 (40... hxg4 {with more complications.} 41. fxg4 Kc5 42. Kg3 Rg1+ 43. Kf4 Kb4) 41. bxc4 bxc4 42. Rxf6 hxg4 43. Rxa6 {[#]} gxf3 (43... g3 $1 $17 {[%cal Rg3g2] White must now prevent ...g2.} 44. Rxg6 c3) 44. Kxf3 {The position is equal.} c3 45. Ra8 $1 Kc4 {Strongly threatening ...c2.} 46. Ke2 $1 Rh2+ 47. Kd1 Kd3 {[%cal Rh2h1]} 48. Rd8+ Kxe3 49. Rc8 Rh1+ (49... Rd2+ {seems wilder.} 50. Kc1 Rxa2 51. Rxc3+ Kf4 52. Rc4+ Kf3) 50. Kc2 Rxh4 51. Kxc3 g5 52. Rg8 g4 53. Kb4 g3+ 54. Kb5 Kf3 {[#] aiming for ...Rg4.} (54... Kf4 {is interesting.} 55. Rxg3 Rh5+ 56. Kb6 Rh6+ 57. Kb7 Rh7+) 55. Rxg3+ $1 {[%mdl 512]} Kxg3 {KR-KP} 56. a4 {[%cal Ba2a4,Ba4a5,Ba5a6,Ba6a7][%mdl 32]} Rh1 57. a5 $1 Rb1+ 58. Kc6 $1 Ra1 59. Kb6 Kf4 60. a6 $1 Ke5 61. a7 Kd6 62. Kb7 Rb1+ 63. Kc8 Rc1+ (63... Ra1 $5 {[%cal Ra1a7]} 64. Kb7 Ke7 $11) 64. Kb7 Ke5 $2 {[%mdl 40960] Accuracy: White = 56%, Black = 58%. . An unexpected result.} (64... Ra1 $11 {and Black is okay.}) 1/2-1/2

[Event "elllobregat Open-A 2019"]
[Site "El Prat de Llobregat"]
[Date "2019.12.06"]
[Round "4.14"]
[White "Girish, A. Koushik"]
[Black "Mendonca, Leon Luke"]
[Result "1/2-1/2"]
[WhiteElo "2506"]
[BlackElo "2398"]
[Annotator "TA"]
[PlyCount "192"]
[EventDate "2019.12.03"]
[EventType "swiss"]
[EventCountry "ESP"]
[SourceTitle "playchess.com"]
[Source "ChessBase"]
[SourceQuality "1"]

{[%evp 19,191,-22,-15,-15,-14,-23,-14,-37,-37,-41,-40,-36,-36,-34,-32,-25,-45,-51,-16,-53,-20,-19,-18,-23,19,15,19,0,15,0,0,0,0,0,6,6,6,7,5,8,2,6,4,0,0,0,0,0,0,-1,0,0,0,0,0,0,0,0,0,0,0,0,0,0,0,0,0,0,0,-24,-28,-178,-195,-217,-210,-217,-210,-812,-812,-812,-812,-812,-812,-808,0,-795,0,-773,-158,-771,-771,-761,-746,-736,-346,-742,-735,-750,-719,-697,-541,-447,-418,-373,-355,-331,-30,-30,0,-304,-30,-30,0,-263,-117,-30,0,-176,0,-258,-160,-171,-60,-60,-8,-8,-8,-8,-8,-8,-8,-879,-901,-901,-901,-891,-854,-812,-775,-392,0,-295,-8,-8,-8,-8,-8,-8,-8,-8,-8,-8,-8,-8,-8,-8,-8,-8,-8,-8,-8,-8,-8,-8,-8,-8,-8,-8,-8,-8,-8,-8,-8,-8]} 1. Nf3 Nf6 2. c4 e6 3. d4 b6 4. a3 Bb7 5. Nc3 d5 6. Qc2 dxc4 7. e4 c5 8. dxc5 Bxc5 9. Bxc4 Nbd7 {[%cal Bb8d7,Bd7e5,Be5f3][%mdl 32]} 10. O-O O-O 11. Bg5 {E12: Queen's Indian: Unusual White 4th moves, 4 a3, 4 Nc3 Bb7 5 a3 and 4 Nc3 Bb7} Qc7 12. Qe2 Ne5 13. Ba2 $146 (13. Nxe5 {looks sharper.} Qxe5 14. Be3 Bxe3 15. Qxe3 Rad8 16. Rad1) ({Predecessor:} 13. Bxf6 Nxc4 14. Bh4 Ne5 15. Rfd1 Nxf3+ 16. Qxf3 f5 17. b4 Bd6 18. Qh3 Be5 {0-1 (53) Vaganian,R (2645)-Sokolov,A (2595) Minsk 1986}) 13... Nxf3+ 14. Qxf3 Bd4 15. Rac1 Qe5 16. Bf4 Qa5 17. Bb1 Rac8 18. Bd2 Rfd8 19. Rcd1 {With the idea Nd5.} Qh5 20. Qxh5 Nxh5 21. Bg5 Bf6 22. Bxf6 Nxf6 23. f3 Nd7 24. Kf2 g5 25. Bd3 Ne5 26. Be2 Rxd1 27. Rxd1 Kf8 28. g3 Ke7 29. Ke3 Nc4+ 30. Bxc4 $1 Rxc4 $11 {[%mdl 4096] Endgame KRB-KRN} 31. Rd4 Rc5 32. Ra4 a6 33. Rb4 b5 34. Rd4 h6 35. Kd2 f5 36. b4 Rc8 37. exf5 Bxf3 38. Rd3 Bg2 39. Re3 Rc6 40. Ne2 Rd6+ 41. Kc3 Kf6 42. fxe6 Rxe6 43. Rxe6+ Kxe6 {KB-KN} 44. Nd4+ Ke5 45. Nb3 (45. Kd3 $1 $11) 45... Kf5 $1 $19 46. Kd4 Kg4 $1 47. Ke3 Kh3 48. Kf2 $2 (48. Nd4) 48... Kxh2 49. Nc5 Bc6 50. Ne6 Bd7 51. Nc5 Bc6 52. Ne6 $1 Bd7 53. Nc5 Bc8 $2 (53... Bf5 $1 $19 {is more deadly.} 54. Nb3 h5) 54. Ne4 $2 (54. a4 $17) 54... Bf5 55. Nf6 Be6 56. Ne4 Kh3 (56... Bb3 $142 57. Nc5 Bc2) 57. Nf6 $2 (57. Nc5 Bc8 58. Ne4) 57... Bc4 58. Ne4 Bd5 59. Nf6 Be6 60. Ne4 Kg4 61. Nc5 Bc8 $1 62. Ne4 Bb7 $2 (62... h5 $19 63. Nf6+ Kf5 64. Nxh5 Kg6) 63. Nc5 $11 Bc8 $2 {[%mdl 8192]} (63... Bd5 $11) 64. Ne4 $1 $19 Bf5 $2 (64... h5 $19 65. Nf6+ Kf5 66. Nxh5 Kg6) 65. Nc5 $11 Bc8 $2 (65... Bc2 $11) 66. Ne4 $1 $19 Kh5 (66... h5 $19 {has better winning chances.} 67. Nf6+ Kf5 68. Nxh5 Kg6) 67. Ke3 $17 Kg4 (67... Be6 $11) 68. Kf2 $1 $19 Kh5 (68... Kh3 $142 69. Nd6 Be6) 69. Ke3 $1 Kg6 $1 70. Kd4 h5 (70... Be6 $19 71. Ke5 Bc8) 71. Ke5 $1 $15 h4 (71... Kh6 $1 $15) 72. gxh4 $1 $11 gxh4 73. Kf4 h3 74. Kg3 Kg7 75. Kh2 $2 {[%mdl 8192]} (75. Nd6 $11 Be6 76. Ne4) 75... Kf8 $1 $19 {[%cal Rf8e7]} 76. Nc3 {[#]} Bd7 $1 77. Nd5 Kf7 78. Kg3 Bc8 79. Nc3 Bd7 80. Nd5 $1 {[#]} Kg6 $2 (80... Bg4 $1 $19 {[%mdl 512]} 81. Kh2 (81. Kxg4 h2) 81... Bc8) 81. Nb6 $11 {The position is equal.} Bc6 82. Kxh3 Kf5 83. Kg3 Ke5 {Hoping for ...Kd6.} 84. Kf2 Kd6 85. a4 bxa4 86. Ke3 Bb5 (86... Kc7 $5 87. Nc4 $8 Bd7 $11) 87. Nxa4 $1 Bxa4 {KB-KP} 88. Kd4 Bb5 {...Bc6 is the strong threat.} 89. Kc3 Kd5 90. Kb3 Kd4 {And now ...Bc4+ would win.} 91. Kb2 Kc4 {Strongly threatening ...Bd7.} 92. Ka2 Kc3 {White must now prevent ...Kc2.} 93. Ka1 Kb3 94. Kb1 Ka3 95. Ka1 Bd3 {aiming for ...Bf1.} 96. b5 axb5 {Accuracy: White = 68%, Black = 50%.} 1/2-1/2

[Event "elllobregat Open-A 2019"]
[Site "El Prat de Llobregat"]
[Date "2019.12.06"]
[Round "4.15"]
[White "Barseghyan, Harutyun"]
[Black "Jerez Perez, Alfonso"]
[Result "0-1"]
[WhiteElo "2498"]
[BlackElo "2369"]
[Annotator "ChessBase"]
[PlyCount "55"]
[EventDate "2019.12.03"]
[EventType "swiss"]
[EventCountry "ESP"]
[SourceTitle "playchess.com"]
[Source "ChessBase"]
[SourceQuality "1"]
[TimeControl "40/5400+30:1800+30"]

1. d4 {[%emt 0:05:56]} Nf6 {[%emt 0:00:46]} 2. c4 {[%emt 0:01:46]} g6 {[%emt 0:00:31]} 3. Nc3 {[%emt 0:00:05]} d5 {[%emt 0:00:08]} 4. Bf4 {[%emt 0:00:03]} Bg7 {[%emt 0:00:10]} 5. e3 {[%emt 0:00:04]} O-O {[%emt 0:01:08]} 6. Rc1 {[%emt 0:03:13]} Be6 {[%emt 0:02:53]} 7. Nf3 {[%emt 0:00:12]} dxc4 {[%emt 0:00:57]} 8. Ng5 {[%emt 0:02:23]} Bd5 {[%emt 0:00:55]} 9. e4 {[%emt 0:00:11]} h6 {[%emt 0:00:04]} 10. exd5 {[%emt 0:00:13]} hxg5 {[%emt 0:00:08]} 11. Bxg5 {[%emt 0:00:05]} Nxd5 {[%emt 0:00:12]} 12. Bxc4 {[%emt 0:00:06]} Nb6 {[%emt 0:00:27]} 13. Bb3 {[%emt 0:00:03]} Nc6 {[%emt 0:00:15]} 14. Ne2 {[%emt 0:04:27]} a5 {[%emt 0:04:05]} 15. a4 {[%emt 0:01:05]} Rc8 {[%emt 0:03:35]} 16. O-O {[%emt 0:00:16]} Nxd4 {[%emt 0:00:25]} 17. Nxd4 {[%emt 0:00:03]} Qxd4 {[%emt 0:00:12]} 18. Qf3 {[%emt 0:00:04]} e6 {[%emt 0:00:34]} 19. Rfe1 {[%emt 0:00:08]} Nd7 {[%emt 0:01:40]} 20. Rxe6 {[%emt 0:09:18]} Ne5 {[%emt 0:26:11]} 21. Qh3 {[%emt 0:01:01]} Rce8 {[%emt 0:31:12]} 22. Re7 {[%emt 0:39:45]} Rxe7 {[%emt 0:09:18]} 23. Bxe7 {[%emt 0:00:01]} Re8 {[%emt 0:00:06]} 24. Rxc7 {[%emt 0:00:48]} Qxb2 {[%emt 0:02:46]} 25. Kf1 {[%emt 0:26:24]} Qb1+ {[%emt 0:03:15]} 26. Ke2 {[%emt 0:00:02]} Nc6 {[%emt 0:01:16]} 27. Qf3 {[%emt 0:01:55]} Nd4+ {[%emt 0:00:34]} 28. Ke3 0-1

[Event "elllobregat Open-A 2019"]
[Site "El Prat de Llobregat"]
[Date "2019.12.06"]
[Round "4.16"]
[White "Sankalp Gupta"]
[Black "Movsziszian, Karen"]
[Result "1/2-1/2"]
[WhiteElo "2365"]
[BlackElo "2476"]
[Annotator "ChessBase"]
[PlyCount "85"]
[EventDate "2019.12.03"]
[EventType "swiss"]
[EventCountry "ESP"]
[SourceTitle "playchess.com"]
[Source "ChessBase"]
[SourceQuality "1"]
[TimeControl "40/5400+30:1800+30"]

1. e4 {[%emt 0:00:39]} g6 {[%emt 0:00:00]} 2. d4 {[%emt 0:00:05]} Bg7 {[%emt 0:00:00]} 3. Nf3 {[%emt 0:00:03]} d6 {[%emt 0:00:05]} 4. Bc4 {[%emt 0:00:10]} Nc6 {[%emt 0:00:42]} 5. O-O {[%emt 0:06:27]} Nf6 {[%emt 0:03:46]} 6. e5 {[%emt 0:05:59]} dxe5 {[%emt 0:01:11]} 7. Nxe5 O-O {[%emt 0:18:44]} 8. Nxc6 {[%emt 0:03:14]} bxc6 9. c3 {[%emt 0:07:45]} Qd6 {[%emt 0:02:49]} 10. Qf3 {[%emt 0:00:31]} Bg4 {[%emt 0:01:46]} 11. Qg3 {[%emt 0:01:51]} c5 12. Qxd6 {[%emt 0:24:13]} cxd6 {[%emt 0:01:07]} 13. dxc5 {[%emt 0:00:09]} dxc5 {[%emt 0:00:08]} 14. Nd2 Nd7 {[%emt 0:04:44]} 15. Re1 {[%emt 0:07:50]} Ne5 {[%emt 0:04:21]} 16. Bf1 {[%emt 0:06:56]} Rfd8 17. Nc4 Nd3 {[%emt 0:15:21]} 18. Rxe7 {[%emt 0:01:26]} Be6 19. Rxe6 {[%emt 0:09:35]} fxe6 {[%emt 0:01:05]} 20. Be3 {[%emt 0:02:27]} Rd5 21. a4 Rb8 {[%emt 0:25:55]} 22. Bxd3 {[%emt 0:04:28]} Rxd3 {[%emt 0:00:03]} 23. a5 {[%emt 0:00:11]} a6 {[%emt 0:00:43]} 24. Kf1 {[%emt 0:00:12]} Rb5 {[%emt 0:02:03]} 25. Ke2 {[%emt 0:00:48]} Rd7 26. g4 {[%emt 0:02:10]} Bf6 {[%emt 0:02:53]} 27. Kf3 {[%emt 0:01:09]} g5 {[%emt 0:04:22]} 28. Ke4 {[%emt 0:00:16]} Kg7 {[%emt 0:02:52]} 29. f4 {[%emt 0:02:50]} h6 30. fxg5 {[%emt 0:03:26]} hxg5 {[%emt 0:00:31]} 31. Bf2 {[%emt 0:00:19]} Rd5 {[%emt 0:02:57]} 32. Bg3 Rb7 {[%emt 0:00:21]} 33. Rf1 {[%emt 0:01:43]} Rbd7 34. Nb6 {[%emt 0:01:27]} Rd1 {[%emt 0:04:27]} 35. Nxd7 {[%emt 0:00:06]} Rxf1 {[%emt 0:00:48]} 36. Nxc5 {[%emt 0:03:52]} Rb1 37. Nd3 Kf7 {[%emt 0:01:51]} 38. Bd6 {[%emt 0:04:14]} Ke8 {[%emt 0:01:37]} 39. Ba3 {[%emt 0:02:21]} Ra1 {[%emt 0:01:21]} 40. c4 Bc3 41. Nc5 {[%emt 0:14:34]} Re1+ {[%emt 0:00:50]} 42. Kf3 {[%emt 0:00:06]} Bxa5 {[%emt 0:00:05]} 43. Nxa6 1/2-1/2

[Event "elllobregat Open-A 2019"]
[Site "El Prat de Llobregat"]
[Date "2019.12.07"]
[Round "5.1"]
[White "Narayanan.S.L"]
[Black "Iniyan, P."]
[Result "1-0"]
[WhiteElo "2626"]
[BlackElo "2497"]
[Annotator "TA"]
[PlyCount "85"]
[EventDate "2019.12.03"]
[EventType "swiss"]
[EventCountry "ESP"]
[SourceTitle "playchess.com"]
[Source "ChessBase"]
[SourceQuality "1"]

{[%evp 13,85,35,35,26,31,39,48,45,54,40,70,72,89,89,97,43,43,38,70,68,77,68,106,89,90,90,92,90,71,75,112,112,112,112,113,80,112,116,154,153,310,314,585,583,572,549,541,212,212,212,212,212,212,212,212,234,223,216,199,205,296,243,347,330,408,408,717,714,710,664,898,871,29986,29986]} 1. d4 Nf6 2. c4 g6 3. Nc3 Bg7 4. e4 d6 5. h3 O-O 6. Be3 e5 7. d5 Na6 8. g4 {E71: King's Indian: 4 e4 d6 5 h3} c6 9. f3 Nc5 10. b4 {White is slightly better.} (10. Qd2 cxd5 11. cxd5 Bd7 12. Nge2 h5 13. Nc1 Rc8 14. Nb3 Nxb3 15. axb3 {0-1 (64) Grandelius,N (2691)-McShane,L (2688) Eskilstuna 2019}) 10... Na6 11. a3 c5 $146 ({Predecessor:} 11... cxd5 12. cxd5 Bd7 13. Bd3 h5 14. Qd2 Nh7 15. O-O-O h4 {0-1 (33) Sorensen,H (2356)-Risteski,E (2208) Bratislava 2019}) 12. Rb1 Nd7 13. h4 f5 14. g5 (14. gxf5 $16 gxf5 15. h5) 14... Nb6 $14 15. Bd3 f4 16. Bf2 h6 17. gxh6 Bxh6 18. Qb3 Nd7 19. Nh3 Nf6 20. Ng5 Bxg5 21. hxg5 Nh7 22. Ke2 Kg7 23. Rbg1 Rh8 24. Qb2 {bxc5 is the strong threat.} b6 25. Kd1 Bd7 {[#]} 26. Ne2 $1 Qe7 $2 (26... Nxg5 $16 27. Rxh8 Qxh8 28. Rxg5 Qh1+ {[%mdl 64] Double Attack} 29. Ng1 Kh6 30. Rxe5 dxe5) 27. Nxf4 $1 $18 Nxg5 $2 (27... Rag8 28. b5 Nc7) 28. Bh4 Raf8 29. Qg2 ({Less strong is} 29. Bxg5 Qxg5 30. Rxg5 Rxh1+ 31. Kd2 Rxf4 $18) 29... Rxh4 30. Rxh4 $2 {[#]} (30. Nxg6 Rxh1 31. Nxe7 Rxg1+ 32. Qxg1) 30... Rxf4 31. Rxf4 $40 {[%mdl 128] White wants a kill.} exf4 32. Qxg5 Qxg5 33. Rxg5 {[%mdl 4096] Endgame KRB-KBN} Kf6 34. Rg1 {Strongly threatening b5.} cxb4 35. axb4 Nxb4 36. Kd2 a5 (36... g5 {was called for.} 37. Rh1 Na6 38. Rh6+ Ke5) 37. Rh1 Ke5 (37... Na6 $142 38. Kc3 Nc5) 38. Rh6 g5 39. Rg6 g4 (39... a4 $142 40. Kc3 (40. Rxg5+ Kd4 $16) 40... Na2+ 41. Kb2 Nb4) 40. fxg4 a4 41. Rg7 Bc8 42. g5 f3 43. Ke3 {Accuracy: White = 75%, Black = 45%.} 1-0

[Event "elllobregat Open-A 2019"]
[Site "El Prat de Llobregat"]
[Date "2019.12.07"]
[Round "5.2"]
[White "Puranik, Abhimanyu"]
[Black "Zanan, Evgeny"]
[Result "1/2-1/2"]
[WhiteElo "2580"]
[BlackElo "2493"]
[Annotator "ChessBase"]
[PlyCount "97"]
[EventDate "2019.12.03"]
[EventType "swiss"]
[EventCountry "ESP"]
[SourceTitle "playchess.com"]
[Source "ChessBase"]
[SourceQuality "1"]
[TimeControl "40/5400+30:1800+30"]

1. e4 {[%emt 0:00:00]} e5 {[%emt 0:00:00]} 2. Nf3 {[%emt 0:00:00]} Nc6 {[%emt 0:00:00]} 3. Bb5 {[%emt 0:00:00]} a6 {[%emt 0:00:00]} 4. Ba4 {[%emt 0:00:00]} Nf6 {[%emt 0:00:00]} 5. O-O {[%emt 0:00:00]} Be7 {[%emt 0:00:02]} 6. Re1 {[%emt 0:00:05]} b5 {[%emt 0:00:07]} 7. Bb3 {[%emt 0:00:03]} d6 {[%emt 0:00:05]} 8. c3 {[%emt 0:00:04]} O-O {[%emt 0:00:05]} 9. h3 {[%emt 0:00:59]} Bb7 10. d4 {[%emt 0:01:32]} Re8 {[%emt 0:02:05]} 11. Nbd2 {[%emt 0:00:18]} Bf8 {[%emt 0:00:08]} 12. a4 {[%emt 0:15:05]} Na5 {[%emt 0:00:20]} 13. Bc2 {[%emt 0:00:10]} b4 {[%emt 0:00:04]} 14. Bd3 exd4 {[%emt 0:07:56]} 15. cxd4 {[%emt 0:09:07]} g6 {[%emt 0:02:01]} 16. b3 d5 {[%emt 0:19:26]} 17. e5 {[%emt 0:05:29]} Nd7 {[%emt 0:02:07]} 18. Nf1 {[%emt 0:30:31]} Bg7 {[%emt 0:16:38]} 19. Bg5 {[%emt 0:01:51]} Qb8 {[%emt 0:04:43]} 20. Ne3 {[%emt 0:06:34]} c5 {[%emt 0:02:23]} 21. Ng4 {[%emt 0:10:18]} cxd4 {[%emt 0:03:46]} 22. Bh6 {[%emt 0:02:49]} Bh8 {[%emt 0:17:15]} 23. Bd2 Bg7 {[%emt 0:08:28]} 24. Bxb4 {[%emt 0:03:35]} h5 25. Ng5 {[%emt 0:09:32]} Nxe5 {[%emt 0:10:28]} 26. Nxe5 {[%emt 0:00:34]} Rxe5 {[%emt 0:00:05]} 27. Rxe5 {[%emt 0:01:27]} Qxe5 {[%emt 0:00:10]} 28. Nxf7 {[%emt 0:00:20]} Kxf7 {[%emt 0:00:07]} 29. Bxa5 {[%emt 0:00:05]} Bf8 {[%emt 0:04:32]} 30. Qf3+ {[%emt 0:02:00]} Qf6 {[%emt 0:01:07]} 31. Qxf6+ {[%emt 0:00:29]} Kxf6 {[%emt 0:00:04]} 32. Bb6 {[%emt 0:00:11]} Bd6 {[%emt 0:00:02]} 33. f4 {[%emt 0:01:57]} Rc8 {[%emt 0:00:50]} 34. Bxd4+ {[%emt 0:00:10]} Kf7 {[%emt 0:00:02]} 35. f5 gxf5 {[%emt 0:01:43]} 36. Bxf5 {[%emt 0:01:41]} Bc5 {[%emt 0:00:30]} 37. Rd1 {[%emt 0:00:29]} Bxd4+ {[%emt 0:00:03]} 38. Rxd4 {[%emt 0:00:02]} Rc3 {[%emt 0:00:04]} 39. Rb4 Bc6 {[%emt 0:00:51]} 40. Rb6 {[%emt 0:00:00]} a5 41. b4 {[%emt 0:13:03]} axb4 {[%emt 0:03:13]} 42. a5 {[%emt 0:05:07]} Ke7 43. a6 {[%emt 0:04:24]} Kd6 {[%emt 0:03:34]} 44. Rxb4 Ra3 {[%emt 0:05:40]} 45. Bc8 {[%emt 0:03:37]} Kc5 {[%emt 0:01:18]} 46. Rh4 {[%emt 0:00:17]} Be8 {[%emt 0:00:58]} 47. Bb7 {[%emt 0:02:02]} d4 {[%emt 0:01:34]} 48. Re4 {[%emt 0:01:11]} Bb5 {[%emt 0:00:48]} 49. Re5+ 1/2-1/2

[Event "elllobregat Open-A 2019"]
[Site "El Prat de Llobregat"]
[Date "2019.12.07"]
[Round "5.3"]
[White "Raja Rithvik R"]
[Black "Alonso Rosell, Alvar"]
[Result "1/2-1/2"]
[WhiteElo "2381"]
[BlackElo "2548"]
[Annotator "ChessBase"]
[PlyCount "31"]
[EventDate "2019.12.03"]
[EventType "swiss"]
[EventCountry "ESP"]
[SourceTitle "playchess.com"]
[Source "ChessBase"]
[SourceQuality "1"]
[TimeControl "40/5400+30:1800+30"]

1. Nf3 d5 {[%emt 0:26:43]} 2. d4 {[%emt 0:00:00]} Nf6 {[%emt 0:00:08]} 3. c4 {[%emt 0:00:00]} e6 {[%emt 0:00:07]} 4. g3 {[%emt 0:00:14]} Bb4+ {[%emt 0:00:06]} 5. Bd2 {[%emt 0:00:14]} Bd6 {[%emt 0:00:02]} 6. Nc3 {[%emt 0:00:47]} O-O {[%emt 0:03:39]} 7. Bg5 {[%emt 0:00:21]} c6 {[%emt 0:01:30]} 8. Bg2 {[%emt 0:00:19]} h6 {[%emt 0:00:14]} 9. Bxf6 {[%emt 0:00:05]} Qxf6 {[%emt 0:00:04]} 10. O-O {[%emt 0:00:29]} Qd8 {[%emt 0:00:02]} 11. Qb3 {[%emt 0:00:04]} Nd7 {[%emt 0:06:39]} 12. e4 {[%emt 0:02:58]} dxc4 {[%emt 0:01:31]} 13. Qxc4 {[%emt 0:00:08]} e5 {[%emt 0:00:12]} 14. Rad1 {[%emt 0:03:47]} Qe7 {[%emt 0:01:35]} 15. Rfe1 {[%emt 0:06:25]} Nb6 {[%emt 0:02:48]} 16. Qb3 {[%emt 0:03:51]} 1/2-1/2